[Event "IRI-ch Online"]
[Site "Chess.com INT"]
[Date "2021.03.17"]
[Round "6"]
[White "Fathi, Hamed"]
[Black "Movahedi, Yashar"]
[Result "0-1"]
[WhiteElo "1485"]
[BlackElo "1808"]
[PlyCount "60"]
[EventDate "2021.03.15"]
[EventType "swiss (rapid)"]
[EventRounds "11"]
[EventCountry "IRI"]
[SourceTitle "CBM 201 Extra"]
[Source "ChessBase"]
[SourceDate "2021.05.31"]
[SourceVersion "1"]
[SourceVersionDate "2021.05.31"]
[SourceQuality "1"]

1. e4 c5 2. Nf3 Nc6 3. d4 cxd4 4. Nxd4 e5 5. Nb5 a6 6. Nd6+ Bxd6 7. Qxd6 Qe7 8. Qxe7+ Ngxe7 9. Nc3 d5 10. Bd2 d4 11. Nd5 Nxd5 12. exd5 Ne7 13. Bc4 Bf5 14. 0-0-0 Rc8 15. Bb3 Nxd5 16. Rde1 f6 17. Bxd5 Rxc2+ 18. Kd1 Rxb2 19. f4 Kd7 20. fxe5 Rc8 21. e6+ Kd6 22. Bb3 Bg4+ 23. Re2 Rb1+ 24. Bc1 Rbxc1+ 25. Kd2 Rxh1 26. Re4 Bf5 27. Rxd4+ Ke5 28. Rd5+ Ke4 29. Rd7 Re8 30. e7 Bxd7 0-1

[Event "IRI-ch U14"]
[Site "Chess.com INT"]
[Date "2021.01.16"]
[Round "8"]
[White "Jafarpour, Mobin"]
[Black "Fathi, Hamed"]
[Result "1/2-1/2"]
[WhiteElo "1126"]
[BlackElo "1485"]
[PlyCount "133"]
[EventDate "2021.01.16"]
[EventType "swiss"]
[EventRounds "11"]
[EventCountry "IRI"]
[SourceTitle "EXT 2022"]
[Source "ChessBase"]
[SourceDate "2021.10.06"]
[SourceVersion "1"]
[SourceVersionDate "2021.10.06"]
[SourceQuality "1"]

1. d4 Nf6 2. Bf4 e6 3. Nf3 d5 4. e3 c5 5. c3 Nc6 6. Bd3 Qb6 7. b3 Nh5 8. Bg3 Nxg3 9. hxg3 h6 10. Nbd2 Bd6 11. 0-0 Bd7 12. Rc1 e5 13. dxe5 Nxe5 14. Nxe5 Bxe5 15. Nf3 Bf6 16. e4 dxe4 17. Bxe4 Rd8 18. Bb1 0-0 19. Qc2 g6 20. Nh4 Bxh4 21. gxh4 Bf5 22. Qb2 Bxb1 23. Qxb1 Qf6 24. c4 Qxh4 25. Rcd1 Qf6 26. Rfe1 Rfe8 27. f3 Rxe1+ 28. Rxe1 Rd2 29. Qe4 Qb2 30. f4 Qd4+ 31. Qxd4 Rxd4 32. Re7 Rd2 33. Rxb7 Rxa2 34. Rc7 Ra3 35. Rxc5 Rxb3 36. Ra5 Rc3 37. c5 Kg7 38. Kf2 g5 39. fxg5 hxg5 40. c6 Rxc6 41. Rxg5+ Rg6 42. Ra5 a6 43. Kf3 Rb6 44. g4 Kg6 45. Kf4 f6 46. g5 f5 47. Ra4 Re6 48. Ra5 Re4+ 49. Kf3 Kxg5 50. Rxa6 Rf4+ 51. Kg3 Rg4+ 52. Kf3 Rb4 53. Ra8 Rb3+ 54. Kf2 Kg4 55. Rg8+ Kf4 56. Rc8 Rb2+ 57. Kf1 Kg3 58. Rc3+ Kg4 59. Rc8 f4 60. Rc4 Kg3 61. Rc8 Rb1+ 62. Ke2 f3+ 63. Kd2 Rg1 64. Rg8+ Kf2 65. Rf8 Re1 66. Rxf3+ Kxf3 67. Kxe1 1/2-1/2